[Event "La Roda op 31st"]
[Site "La Roda"]
[Date "2004.04.10"]
[Round "6"]
[White "Ubilava, Elizbar"]
[Black "Carrasco Martinez, Juan Manuel"]
[Result "1-0"]
[WhiteElo "2534"]
[BlackElo "2410"]
[PlyCount "73"]
[EventDate "2004.04.07"]
[EventType "swiss"]
[EventRounds "9"]
[EventCountry "ESP"]
[SourceTitle "CBM 099 Extra"]
[Source "ChessBase"]
[SourceDate "2004.05.04"]
[SourceVersion "1"]
[SourceVersionDate "2004.05.04"]
[SourceQuality "1"]

1. Nf3 Nf6 2. c4 c5 3. Nc3 Nc6 4. d4 cxd4 5. Nxd4 g6 6. e4 d6 7. Be2 Bg7 8. Be3
O-O 9. O-O Bd7 10. Nc2 Rc8 11. f3 Ne8 12. Qd2 f5 13. Rad1 b6 14. exf5 Bxf5 15.
b3 Nf6 16. Nd4 Nxd4 17. Bxd4 Kh8 18. Rfe1 Be6 19. Bd3 Bg8 20. Be4 Qc7 21. Qb2
e5 22. Be3 Nxe4 23. fxe4 Rcd8 24. Qa3 Qe7 25. Nb5 Qh4 26. Qc1 Rd7 27. Rxd6 Rdf7
28. Rdd1 Rf4 29. Nc3 Bh6 30. Qd2 Qg4 31. Qe2 Be6 32. Qxg4 Bxg4 33. Bxf4 exf4
34. Rd3 Bg7 35. h3 Be6 36. Nb5 a6 37. Nc7 1-0

[Event "Zafra Ruy Lopez"]
[Site "Zafra"]
[Date "2004.05.05"]
[Round "3"]
[White "Ubilava, Elizbar"]
[Black "Adla, Diego Gustavo"]
[Result "1-0"]
[WhiteElo "2530"]
[BlackElo "2491"]
[PlyCount "69"]
[EventDate "2004.05.03"]
[EventType "tourn"]
[EventRounds "9"]
[EventCountry "ESP"]
[EventCategory "9"]
[SourceTitle "CBM 100 Extra"]
[Source "ChessBase"]
[SourceDate "2004.07.06"]
[SourceVersion "2"]
[SourceVersionDate "2004.07.06"]
[SourceQuality "1"]

1. Nf3 d5 2. d4 Nf6 3. c4 e6 4. Nc3 c6 5. e3 Nbd7 6. Qc2 Bd6 7. Bd2 O-O 8.
O-O-O c5 9. Kb1 a6 10. e4 cxd4 11. Nxd4 dxc4 12. Bxc4 b5 13. Bb3 Bb7 14. f3 Qc7
15. Be3 Rfc8 16. Qe2 Nc5 17. Rc1 Nfd7 18. Rhd1 Ne5 19. f4 Ng6 20. e5 Bf8 21. g3
b4 22. Na4 Be4+ 23. Ka1 Qb7 24. Nxc5 Bxc5 25. Nxe6 Bf3 26. Nxc5 Rxc5 27. Qd3
Rxc1+ 28. Rxc1 a5 29. Ba4 Ne7 30. Qd7 Qe4 31. Bc5 Nf5 32. Bb3 Nh6 33. e6 fxe6
34. Bxe6+ Kh8 35. Bd4 1-0

[Event "ESP-chT"]
[Site "Ciudad Real"]
[Date "2004.08.23"]
[Round "1.1"]
[White "Ibarra Jerez, Jose Carlos"]
[Black "Ubilava, Elizbar"]
[Result "0-1"]
[WhiteElo "2437"]
[BlackElo "2517"]
[PlyCount "80"]
[EventDate "2004.08.23"]
[EventType "team"]
[EventRounds "6"]
[EventCountry "ESP"]
[SourceTitle "CBM 102 Extra"]
[Source "ChessBase"]
[SourceDate "2004.11.03"]
[SourceVersion "1"]
[SourceVersionDate "2004.11.03"]
[SourceQuality "1"]

1. e4 c6 2. d4 d5 3. Nc3 dxe4 4. Nxe4 Bf5 5. Ng3 Bg6 6. Bc4 e6 7. N1e2 Nf6 8.
O-O Bd6 9. f4 Qc8 10. Bd3 Bxd3 11. Qxd3 g6 12. f5 exf5 13. Bg5 Nd5 14. c4 h6
15. Bd2 Ne7 16. Rae1 Qd7 17. b4 Na6 18. Qb3 Nc7 19. a4 Ne6 20. Qf3 O-O-O 21.
Bc3 Rhe8 22. b5 c5 23. d5 Ng5 24. Qf2 Ng8 25. Ba5 Nf6 26. h3 Nfe4 27. Nxe4 Nxe4
28. Qf3 b6 29. Bc3 Qe7 30. a5 Nxc3 31. Qxc3 Qe3+ 32. Kh1 Qe5 33. Kg1 Re7 34.
axb6 axb6 35. Qa3 Qe3+ 36. Qxe3 Rxe3 37. Nc1 Rc3 38. g4 Rg3+ 39. Kf2 fxg4 40.
hxg4 Rxg4 0-1

[Event "ESP-chT Honor Gp2"]
[Site "Torrelavega"]
[Date "2007.06.28"]
[Round "2"]
[White "Giorgadze, Giorgi"]
[Black "Ubilava, Elizbar"]
[Result "0-1"]
[WhiteElo "2610"]
[BlackElo "2540"]
[PlyCount "128"]
[EventDate "2007.06.27"]
[EventType "team"]
[EventRounds "5"]
[EventCountry "ESP"]
[SourceTitle "CBM 119"]
[Source "ChessBase"]
[SourceDate "2007.08.01"]
[SourceVersion "1"]
[SourceVersionDate "2007.08.01"]
[SourceQuality "1"]

1. d4 Nf6 2. Nf3 e6 3. e3 c5 4. Bd3 b6 5. O-O Bb7 6. Nbd2 Be7 7. b3 O-O 8. Bb2
Nc6 9. a3 Rc8 10. Qe2 d5 11. Ne5 cxd4 12. exd4 Nxe5 13. dxe5 Nd7 14. b4 a5 15.
Qg4 Re8 16. Nf3 f5 17. exf6 Bxf6 18. Bxf6 Qxf6 19. Rae1 Re7 20. h4 e5 21. Bf5
Rc4 22. Qg5 h6 23. Qxf6 gxf6 24. Bd3 Rf4 25. bxa5 bxa5 26. Rb1 Nc5 27. Be2 Re4
28. Rfe1 Na4 29. Rb3 Rc7 30. Bd3 Rxe1+ 31. Nxe1 e4 32. Bf1 Nc3 33. Rb6 d4 34.
f3 e3 35. Bd3 Kf7 36. g4 Nd5 37. Rb5 Nf4 38. Bf5 Ba6 39. Rxa5 d3 40. cxd3 Rc1
41. Rxa6 Rxe1+ 42. Kh2 e2 43. Ra7+ Kf8 44. Ra8+ Ke7 45. Ra7+ Kd6 46. Rd7+ Kc5
47. d4+ Kc4 48. Rc7+ Kxd4 49. Re7 Rf1 50. Re4+ Kd5 51. Kg3 Nh5+ 52. gxh5 e1=Q+
53. Rxe1 Rxe1 54. Kf4 Re5 55. a4 Kd4 56. Bg6 Kc3 57. Kg4 Kb3 58. f4 Rc5 59. Be8
Kc4 60. Kf3 Kd4 61. Bd7 f5 62. Bb5 Rc3+ 63. Ke2 Ke4 64. a5 Rc2+ 0-1

[Event "Benasque op 27th"]
[Site "Benasque"]
[Date "2007.07.10"]
[Round "6"]
[White "Ubilava, Elizbar"]
[Black "Roeder, Mathias"]
[Result "1-0"]
[WhiteElo "2540"]
[BlackElo "2444"]
[PlyCount "61"]
[EventDate "2007.07.05"]
[EventType "swiss"]
[EventRounds "9"]
[EventCountry "ESP"]
[SourceTitle "CBM 119 Extra"]
[Source "ChessBase"]
[SourceDate "2007.09.04"]
[SourceVersion "1"]
[SourceVersionDate "2007.09.04"]
[SourceQuality "1"]

1. d4 Nf6 2. c4 e6 3. g3 Bb4+ 4. Bd2 a5 5. Nf3 b6 6. Bg2 Ba6 7. a3 Be7 8. Ne5
c6 9. b4 d5 10. cxd5 cxd5 11. Nc3 axb4 12. axb4 b5 13. Nxb5 Qb6 14. Ra5 O-O 15.
O-O Ne4 16. Bxe4 dxe4 17. Qa1 Bxb5 18. Rxa8 f6 19. Qa7 Qxa7 20. Rxa7 fxe5 21.
Rxe7 Nc6 22. Rb7 Nxd4 23. Be3 Bxe2 24. Ra1 Rd8 25. Bxd4 exd4 26. Raa7 d3 27.
Rxg7+ Kh8 28. Rgd7 Rb8 29. Kg2 Bg4 30. Rxh7+ Kg8 31. Rhg7+ 1-0

[Event "Roquetas de Mar op 19th"]
[Site "Roquetas de Mar"]
[Date "2008.01.06"]
[Round "9"]
[White "Ubilava, Elizbar"]
[Black "Djuric, Stefan"]
[Result "1-0"]
[WhiteElo "2544"]
[BlackElo "2448"]
[PlyCount "89"]
[EventDate "2008.01.02"]
[EventType "swiss"]
[EventRounds "9"]
[EventCountry "ESP"]
[SourceTitle "CBM 122 Extra"]
[Source "ChessBase"]
[SourceDate "2008.03.04"]
[SourceVersion "1"]
[SourceVersionDate "2008.03.04"]
[SourceQuality "1"]

1. d4 g6 2. c4 Bg7 3. Nf3 Nf6 4. Nc3 O-O 5. e4 d6 6. Be2 Bg4 7. Be3 Nc6 8. d5
Bxf3 9. Bxf3 Na5 10. b3 e6 11. O-O Re8 12. Qd2 c6 13. Rac1 exd5 14. exd5 c5 15.
Rfe1 b6 16. Bg5 Qd7 17. h3 h5 18. Bf4 a6 19. Rxe8+ Rxe8 20. Re1 Rb8 21. Ne4
Nxe4 22. Rxe4 Bf6 23. Qe2 b5 24. Bd2 Qd8 25. cxb5 axb5 26. Bxh5 c4 27. Bxg6
fxg6 28. Qg4 Kg7 29. Qf4 g5 30. Qg3 Kf7 31. Re6 Nb7 32. b4 Ra8 33. Qf3 Kg7 34.
Rxf6 Qxf6 35. Bc3 Qxc3 36. Qxc3+ Kg6 37. Qc2+ Kf6 38. Qe4 Nd8 39. Qe8 Rxa2 40.
Qxd8+ Ke5 41. Qxg5+ Kd4 42. Qe3+ Kxd5 43. g4 Ra4 44. g5 Rxb4 45. g6 1-0

[Event "New Delhi Parsvnath op 6th"]
[Site "New Delhi"]
[Date "2008.01.15"]
[Round "4"]
[White "Ubilava, Elizbar"]
[Black "Rahman, Md Taibur"]
[Result "1-0"]
[WhiteElo "2544"]
[BlackElo "2325"]
[PlyCount "113"]
[EventDate "2008.01.13"]
[EventType "swiss"]
[EventRounds "10"]
[EventCountry "IND"]
[SourceTitle "CBM 122 Extra"]
[Source "ChessBase"]
[SourceDate "2008.03.04"]
[SourceVersion "1"]
[SourceVersionDate "2008.03.04"]
[SourceQuality "1"]

1. Nf3 d5 2. d4 Nf6 3. c4 e6 4. Nc3 Be7 5. Bg5 h6 6. Bh4 O-O 7. e3 Ne4 8. Bxe7
Qxe7 9. Qc2 Nxc3 10. Qxc3 c6 11. Bd3 Nd7 12. cxd5 exd5 13. O-O Nf6 14. Ne5 Ng4
15. Nxg4 Bxg4 16. b4 Qg5 17. Rfc1 a6 18. a4 Bf5 19. Bxf5 Qxf5 20. Qb3 Rfe8 21.
b5 axb5 22. axb5 Rxa1 23. Rxa1 Re6 24. bxc6 bxc6 25. h3 Rg6 26. Qb8+ Kh7 27.
Ra8 Rf6 28. Qb2 Rg6 29. Kh2 Qe4 30. g3 Qf3 31. Qc2 h5 32. Re8 f5 33. h4 Rf6 34.
Kg1 Rf7 35. Qxc6 Ra7 36. Ra8 Rxa8 37. Qxa8 Qe4 38. Qb7 Kh6 39. Qc7 Qe6 40. Qe5
Qf7 41. Kg2 Qd7 42. Kf3 Qf7 43. Qd6+ Kh7 44. Kf4 g6 45. Ke5 f4 46. Qxd5 Qf5+
47. Kd6 Qf8+ 48. Kc7 fxg3 49. fxg3 Kh6 50. Qg5+ Kh7 51. Kd7 Qf3 52. d5 Qg2 53.
Qe7+ Kh6 54. Qe5 Qh3+ 55. Ke7 Qc8 56. Qf4+ Kh7 57. Qf7+ 1-0

[Event "La Roda op 35th"]
[Site "La Roda"]
[Date "2008.03.23"]
[Round "9"]
[White "Hernandez, Ivan"]
[Black "Ubilava, Elizbar"]
[Result "0-1"]
[WhiteElo "2314"]
[BlackElo "2544"]
[PlyCount "59"]
[EventDate "2008.03.19"]
[EventType "swiss"]
[EventRounds "9"]
[EventCountry "ESP"]
[SourceTitle "CBM 123 Extra"]
[Source "ChessBase"]
[SourceDate "2008.05.06"]
[SourceVersion "1"]
[SourceVersionDate "2008.05.06"]
[SourceQuality "1"]

1. d4 d6 2. Nf3 g6 3. e4 Bg7 4. c3 Nf6 5. Bd3 O-O 6. O-O c5 7. dxc5 dxc5 8. Bg5
Nc6 9. h3 Qc7 10. Nbd2 Rd8 11. Qc2 Nh5 12. Rfe1 Nf4 13. Bf1 h6 14. Bh4 Nh5 15.
g4 g5 16. gxh5 gxh4 17. e5 Nxe5 18. Nxe5 Bxe5 19. Nf3 Bf6 20. Qe4 Be6 21. Bc4
Bxc4 22. Qxc4 Kh8 23. Re3 Rg8+ 24. Kf1 Rg7 25. Rd1 Rag8 26. Rd5 b6 27. a4 Rg2
28. Red3 R8g7 29. Ke2 Qb8 30. Rd7 0-1

[Event "ESP-chT CECLUB Honor"]
[Site "Linares"]
[Date "2018.08.10"]
[Round "5.3"]
[White "Ubilava, Elizbar"]
[Black "Assaubayeva, Bibissara"]
[Result "1-0"]
[WhiteElo "2485"]
[BlackElo "2346"]
[PlyCount "101"]
[EventDate "2018.08.06"]
[EventType "team-tourn"]
[EventRounds "7"]
[EventCountry "ESP"]
[SourceTitle "CBM 185 Extra"]
[Source "ChessBase"]
[SourceDate "2018.07.29"]
[SourceVersion "1"]
[SourceVersionDate "2018.07.29"]
[SourceQuality "1"]
[WhiteTeam "Solvay"]
[BlackTeam "Extremadura Magic"]
[WhiteTeamCountry "ESP"]
[BlackTeamCountry "ESP"]

1. d4 Nf6 2. c4 g6 3. Nc3 Bg7 4. Nf3 O-O 5. g3 d6 6. Bg2 Nc6 7. O-O a6 8. Bf4
Rb8 9. Rc1 Nd7 10. Qd2 e5 11. dxe5 Ndxe5 12. Nxe5 Nxe5 13. b3 Bd7 14. Rfd1 Bc6
15. Nd5 Qd7 16. Bh6 b5 17. Bxg7 Kxg7 18. f4 Ng4 19. h3 Bxd5 20. cxd5 Nf6 21.
Qc3 Qe7 22. e4 Rfe8 23. Re1 b4 24. Qd4 Kg8 25. e5 Nh5 26. g4 Ng7 27. Qa7 Qh4
28. Qxc7 dxe5 29. fxe5 h5 30. Rf1 Qe7 31. Qxe7 Rxe7 32. Rfe1 Rd8 33. Rc6 hxg4
34. hxg4 Rde8 35. d6 Ra7 36. Bd5 Ne6 37. Bxe6 Rxe6 38. g5 Re8 39. Kg2 a5 40.
Kf3 a4 41. Rc7 Raa8 42. Kf4 axb3 43. axb3 Kf8 44. Rh1 Kg7 45. Rhc1 Ra2 46. Rc8
Rxc8 47. Rxc8 Rd2 48. Ke3 Rd5 49. Ke4 Rd1 50. Rc4 Kf8 51. Rxb4 1-0

[Event "ESP-chT CECLUB Honor"]
[Site "Linares"]
[Date "2019.10.06"]
[Round "7.4"]
[White "Ubilava, Elizbar"]
[Black "Gonzalez de la Torre, Santiago"]
[Result "1-0"]
[WhiteElo "2481"]
[BlackElo "2423"]
[PlyCount "135"]
[EventDate "2019.09.30"]
[EventType "team-tourn"]
[EventRounds "7"]
[EventCountry "ESP"]
[SourceTitle "EXT 2020"]
[Source "ChessBase"]
[SourceDate "2019.10.17"]
[SourceVersion "1"]
[SourceVersionDate "2019.10.17"]
[SourceQuality "1"]
[WhiteTeam "Solvay"]
[BlackTeam "Taldea Gros Xake"]
[WhiteTeamCountry "ESP"]
[BlackTeamCountry "ESP"]

1. Nf3 d5 2. g3 g6 3. Bg2 Bg7 4. O-O e5 5. d3 Ne7 6. Nbd2 O-O 7. e4 Nbc6 8.
exd5 Nxd5 9. Re1 Nb6 10. Rb1 a5 11. b3 Re8 12. Nc4 Bf5 13. Nh4 Be6 14. Bxc6
bxc6 15. Nxe5 a4 16. Bb2 axb3 17. axb3 c5 18. c4 g5 19. Ng2 f6 20. Nf3 Bf5 21.
Rxe8+ Qxe8 22. Ne3 Bg6 23. Ne1 h5 24. Qf3 Qd7 25. Ra1 Re8 26. Ra7 Nc8 27. Ra8
g4 28. Qd1 Ne7 29. Rxe8+ Bxe8 30. Qa1 Kf7 31. Qa5 Qd6 32. Ba3 Nc6 33. Qxc5 Qxc5
34. Bxc5 Na5 35. b4 Nb3 36. Ba7 Bf8 37. b5 c6 38. bxc6 Bxc6 39. N1c2 Bb7 40. d4
Be4 41. d5 Nd2 42. Nd4 Nxc4 43. Nxc4 Bxd5 44. Ne3 Be4 45. Ng2 Bd6 46. Nb5 Be5
47. Bd4 Bb8 48. Be3 Bd3 49. Nd4 Kg6 50. Nf4+ Bxf4 51. Bxf4 Ba6 52. Bc7 Bc4 53.
f4 gxf3 54. Nxf3 Kf5 55. Kf2 Bd5 56. Bd8 Kg4 57. Ng1 Kf5 58. h3 Bb7 59. Ne2 Kg5
60. Nd4 Bd5 61. Ke3 Bb7 62. Ne6+ Kf5 63. Nc5 Bc6 64. Nd3 Bd5 65. Nf4 Bf7 66.
Bc7 Be8 67. Kd4 Bf7 68. Nd5 1-0